[Event "Asian-ch IBCA Visually Challenged"]
[Site "Udupi"]
[Date "2017.03.23"]
[Round "1.1"]
[White "Husain, Ejaz"]
[Black "Waghmare, Sachin Lahu"]
[Result "1-0"]
[WhiteElo "2010"]
[BlackElo "1600"]
[PlyCount "148"]
[EventDate "2017.03.23"]
[EventType "swiss"]
[EventRounds "8"]
[EventCountry "IND"]
[SourceTitle "EXT 2024"]
[Source "ChessBase"]
[SourceDate "2023.10.10"]
[SourceVersion "1"]
[SourceVersionDate "2023.10.10"]
[SourceQuality "1"]

1. e4 c5 2. Nf3 d6 3. c3 e6 4. d4 cxd4 5. cxd4 Qc7 6. Nc3 a6 7. Bf4 Nd7 8. Rc1 Qa5 9. Bd3 Ngf6 10. 0-0 Be7 11. Re1 0-0 12. e5 dxe5 13. dxe5 Nd5 14. Nxd5 Qxd5 15. Qc2 h6 16. Bc4 Qa5 17. a3 b5 18. Ba2 Rd8 19. Bd2 Qb6 20. Be3 Qa5 21. Nd4 Bb7 22. Bb1 Nf8 23. Nc6 Bxc6 24. Qxc6 Rac8 25. Qe4 Rxc1 26. Rxc1 Rc8 27. b4 Rxc1+ 28. Bxc1 Qc7 29. Bb2 Bg5 30. f4 Be7 31. Qc2 Qxc2 32. Bxc2 Nd7 33. Be4 g6 34. Bb7 Nb8 35. Bd4 Bd8 36. Ba7 Bc7 37. g3 g5 38. Kg2 Kf8 39. Bxb8 Bxb8 40. Bxa6 Ba7 41. Bxb5 gxf4 42. gxf4 Be3 43. Kf3 Bc1 44. a4 Bd2 45. a5 Bxb4 46. a6 Bc5 47. Ke4 Ke7 48. Kd3 Kd8 49. Bc6 Bb6 50. Bf3 Kc7 51. Bh5 Bg1 52. h3 Bh2 53. Ke4 Bg1 54. Bxf7 Kd7 55. f5 exf5+ 56. Kxf5 Ke7 57. Bd5 Bf2 58. Kg6 Be3 59. h4 Ke8 60. h5 Ke7 61. Kf5 Bg1 62. Bb7 Bf2 63. e6 Bg1 64. Bc6 Kf8 65. Ke5 Ke7 66. Kd5 Kd8 67. Bd7 Ke7 68. Kc6 Kd8 69. Kb7 Ke7 70. a7 Kd8 71. Kb8 Bxa7+ 72. Kxa7 Kc7 73. Ka8 Kd8 74. Kb8 Ke7 1-0

[Event "IND AICF-ch blind 10th"]
[Site "Mumbai"]
[Date "2014.03.03"]
[Round "13"]
[White "Shidad, M."]
[Black "Waghmare, Sachin Lahu"]
[Result "1/2-1/2"]
[WhiteElo "1574"]
[BlackElo "1645"]
[PlyCount "88"]
[EventDate "2014.02.23"]
[EventType "tourn"]
[EventRounds "13"]
[EventCountry "IND"]
[SourceTitle "CBM 159 Extra"]
[Source "ChessBase"]
[SourceDate "2014.04.24"]
[SourceVersion "1"]
[SourceVersionDate "2014.04.24"]
[SourceQuality "1"]

1. e4 e5 2. Nf3 Nc6 3. Bc4 Bc5 4. c3 Nf6 5. d4 exd4 6. e5 Ng4 7. cxd4 Bb4+ 8. Nc3 d5 9. Bb3 Be6 10. h3 Nh6 11. Bxh6 gxh6 12. Qd2 Qd7 13. Qxh6 0-0-0 14. 0-0-0 Bxc3 15. bxc3 Na5 16. Qd2 Bf5 17. Nh4 Be6 18. Qb2 Qe7 19. Nf3 Rdg8 20. Rhg1 h5 21. h4 Rh6 22. Ng5 Nc4 23. Bxc4 dxc4 24. g3 Bf5 25. Qb4 Qxb4 26. cxb4 Rb6 27. Nxf7 Rxb4 28. Nh6 Rb1+ 29. Kd2 Rb2+ 30. Kc3 Rc2+ 31. Kb4 Rf8 32. Nxf5 Rxf5 33. f4 a6 34. a4 c6 35. Rc1 Rxc1 36. Rxc1 b5 37. axb5 axb5 38. Kc5 Kc7 39. Rd1 Rf8 40. d5 cxd5 41. Rxd5 Rd8 42. Rxd8 Kxd8 43. f5 Ke7 44. Kd4 Kf7 1/2-1/2